MARC

LEADER 00000nam0a2200000 4500
001 358460
005 20231102011109.0
035 |a (RuTPU)RU\TPU\retro\15728 
090 |a 358460 
100 |a 20200818d1973 km y0frey50 ba 
101 1 |a fre  |c rus 
102 |a RU 
105 |a a z 000zy 
200 1 |a Лазеры и их будущее  |d Les Lasers Realisations et perspectives  |f Н. Соболев 
210 |a Москва  |c Мир  |d 1973 
215 |a 232 с.  |c ил. 
225 1 |a Science pour tous editions de Moscou 
300 |a Книна на французском языке 
454 1 |0 (RuTPU)RU\TPU\book\56522  |t Лазеры и их будущее  |f Н. А. Соболев  |c Москва  |n Атомиздат  |d 1968  |p 189 с.  |a Соболев, Николай Александрович 
510 1 |a Les Lasers Realisations et perspectives  |z fre 
606 1 |a Лазеры  |2 stltpush  |3 (RuTPU)RU\TPU\subj\39821  |9 59726 
610 1 |a лазерное излучение 
610 1 |a энергия 
610 1 |a атомы 
610 1 |a квантовые числа 
610 1 |a генераторы 
610 1 |a устройства 
610 1 |a применение 
610 1 |a свойства 
610 1 |a активная среда 
610 1 |a возбуждения 
610 1 |a резонаторные системы 
610 1 |a классификация 
610 1 |a достижения 
610 1 |a перспективы развития 
610 1 |a французский язык 
675 |a 621.383.826  |v 4 
700 1 |a Соболев  |b Н. А.  |g Николай Александрович 
801 1 |a RU  |b 63413507  |c 20200818 
801 2 |a RU  |b 63413507  |c 20200930  |g RCR 
942 |c BK